[Event "AUTO-ADV-1935"]
[Site "http://www.queenalice.com/game.php?id=845508"]
[Date "2010.10.14"]
[Round "1"]
[White "xerxe"]
[Black "GameOver"]
[Result "0-1"]
[WhiteElo "1758"]
[BlackElo "1752"]

1. e4 e6 2. d4 d5 3. e5 c5 4. Nf3 Qb6 5. c3 Nc6 6. Be2 Nge7 7. O-O Nf5 8. Nbd2
cxd4 9. cxd4 Nfxd4 10. b3 Bb4 11. Bb2 Nxe2+ 12. Qxe2 Bd7 13. Ng5 h6 14. Qh5 Rf8
15. Ngf3 Bc5 16. Rac1 Rc8 17. Rfd1 Bxf2+ 18. Kh1 Be3 19. Rf1 Bxd2 20. Nxd2 Qe3
21. Nf3 Nb4 22. Bd4 Qe2 23. Rce1 Qa6 24. Rc1 b6 25. a4 b5 26. Bc5 Nd3 27. Bxf8
Rxc1 28. Rxc1 Nxc1 29. Bxg7 bxa4 30. bxa4 Qf1+ 31. Ng1 Bxa4 32. h3 Bd1 33. Qxh6
Ne2 34. Qe3 Nf4 35. Qg3 Ne2 36. Qe3 d4 0-1

[Event "AUTO-ADV-1935"]
[Site "http://www.queenalice.com/game.php?id=845509"]
[Date "2010.10.14"]
[Round "1"]
[White "GameOver"]
[Black "xerxe"]
[Result "0-1"]
[WhiteElo "1769"]
[BlackElo "1741"]

1. d4 d5 2. Bf4 c5 3. e3 Nc6 4. Bb5 g6 5. Nf3 Bg7 6. c3 a6 7. Bd3 Nf6 8. Nbd2
O-O 9. Qe2 Qa5 10. O-O cxd4 11. exd4 Nh5 12. Bg3 Re8 13. Be5 f6 14. Bg3 e5 15.
dxe5 Nxg3 16. hxg3 fxe5 17. Bc2 Kh8 18. Rfe1 Bf5 19. Bxf5 gxf5 20. Nb3 Qc7 21.
Rad1 Qf7 22. Ng5 Qg6 23. Nf3 e4 24. Nfd4 Nxd4 25. Nxd4 Rac8 26. Rd2 Bh6 27. Rdd1
Rg8 28. Qc2 Bf4 29. Ne2 Bb8 30. Rxd5 Ba7 31. Nf4 Qxg3 32. Kf1 Qxf4 33. c4 Rxc4
0-1

[Event "AUTO-ADV-1935"]
[Site "http://www.queenalice.com/game.php?id=845522"]
[Date "2010.10.14"]
[Round "1"]
[White "minusel"]
[Black "GameOver"]
[Result "0-1"]
[WhiteElo "1984"]
[BlackElo "1784"]

1. e4 e6 2. d4 d5 3. Nd2 dxe4 4. Nxe4 Nc6 5. Nf3 Qd5 6. Bd3 Bd7 7. c3 Be7 8. Bf4
Nf6 9. Nxf6+ Bxf6 10. O-O h6 11. Bxc7 O-O 12. Bc2 Rac8 13. Bf4 Rfd8 14. Qd3 Qf5
15. Qxf5 exf5 16. Rfe1 Ne7 17. Bd6 Nc6 18. Bf4 Re8 19. Rad1 g5 20. Bd6 Kg7 21.
h3 f4 22. Nd2 Be7 23. Ne4 Rcd8 24. Bxe7 Rxe7 25. Nc5 Bc8 26. Be4 Rde8 27. f3 f5
28. Nxb7 Bxb7 29. d5 Na5 30. d6 Rd7 31. Bxf5 Rxe1+ 32. Rxe1 Rxd6 33. Bc2 Kf6 34.
Kf2 Nc4 35. b3 Ne3 36. Re2 Ba6 37. c4 Re6 38. Be4 Ke5 39. Rd2 Rd6 40. Rxd6 Kxd6
41. g3 Ke5 42. c5 Nd1+ 43. Kg2 Nc3 44. a4 Nxe4 45. fxe4 Kxe4 46. b4 Ke3 47. gxf4
gxf4 48. b5 Bc8 49. h4 f3+ 50. Kf1 f2 0-1

[Event "AUTO-ADV-1935"]
[Site "http://www.queenalice.com/game.php?id=845523"]
[Date "2010.10.14"]
[Round "1"]
[White "GameOver"]
[Black "minusel"]
[Result "0-1"]
[WhiteElo "1746"]
[BlackElo "2015"]

1. d4 d5 2. c3 Bf5 3. Nf3 Nf6 4. Bf4 Nbd7 5. Nbd2 e6 6. e3 a6 7. Be2 Ne4 8. Qc2
Nxf2 9. Qb3 Nxh1 10. O-O-O Nf2 11. Rf1 Ne4 12. Nxe4 Bxe4 13. Kd2 Nb6 14. g4 c5
15. dxc5 Bxc5 16. Nd4 Qe7 17. Nf3 f6 18. Rc1 O-O 19. Bd3 Bxf3 20. Be2 Nc4+ 21.
Bxc4 dxc4 22. Qxc4 Rfd8+ 23. Kc2 Rac8 24. Qf1 Be4+ 25. Kb3 e5 26. Bg3 Qc7 0-1

[Event "AUTO-ADV-1935"]
[Site "http://www.queenalice.com/game.php?id=845532"]
[Date "2010.10.14"]
[Round "1"]
[White "GameOver"]
[Black "ONIT91"]
[Result "1-0"]
[WhiteElo "1741"]
[BlackElo "1868"]

1. d4 g6 2. Nf3 d5 3. Bf4 Bg4 4. e3 Nf6 5. Be2 Bg7 6. Nbd2 a6 7. O-O O-O 8. Ne5
Bf5 9. Bg4 Bxg4 10. Nxg4 Nbd7 11. Nxf6+ Bxf6 12. Nf3 Bg7 13. Re1 c6 14. c3 f6
15. e4 Nb6 16. e5 fxe5 17. Bxe5 Nd7 18. Bxg7 Kxg7 19. Qd2 h6 20. Ne5 Nxe5 21.
Rxe5 Qd7 22. Rae1 Rf7 23. Qd3 Re8 24. Re6 Rf6 25. R6e5 Rf5 26. g3 e6 27. R1e3
Qf7 28. Qe2 Rxe5 29. Rxe5 Re7 30. f4 Qg8 31. Qg4 Qf7 32. h4 Kh7 33. Kg2 a5 34.
Qf3 b5 35. g4 a4 36. h5 Qg8 37. hxg6+ Qxg6 38. Kh3 Kg8 39. f5 Qf6 40. Kg3 Kf7
41. fxe6+ Rxe6 42. Rf5 Qxf5 43. Qxf5+ Rf6 44. Qd7+ Kg6 45. Kh4 h5 46. gxh5+ Kh6
47. Qg4 Kh7 48. Qg5 Rf1 49. Qg6+ Kh8 50. Qxc6 Rf2 51. Qxb5 1-0

[Event "AUTO-ADV-1935"]
[Site "http://www.queenalice.com/game.php?id=845533"]
[Date "2010.10.14"]
[Round "1"]
[White "ONIT91"]
[Black "GameOver"]
[Result "0-1"]
[WhiteElo "1891"]
[BlackElo "1726"]

1. c4 e5 2. Nc3 Nc6 3. e3 Nf6 4. Nge2 d5 5. Ng3 d4 6. exd4 exd4 7. Qe2+ Be7 8.
Nce4 O-O 9. d3 Re8 10. Qd1 Nxe4 11. Nxe4 Bb4+ 12. Bd2 f5 13. Bxb4 Nxb4 14. Qb3
fxe4 15. Qxb4 exd3+ 16. Kd2 Qg5+ 17. Kxd3 Bf5+ 18. Kxd4 Rad8+ 19. Kc3 Qf6+ 20.
Kb3 Rd6 21. c5 Re4 22. cxd6 Rxb4+ 23. Kxb4 Qxd6+ 24. Kc3 Qc5+ 25. Bc4+ Be6 26.
b3 b5 27. Rhd1 bxc4 28. bxc4 Qxc4+ 29. Kd2 Qf4+ 30. Ke1 Qxh2 31. Rac1 Qg1+ 32.
Ke2 Bg4+ 33. f3 Qxg2+ 34. Kd3 Qxf3+ 0-1

[Event "AUTO-OPEN-2133"]
[Site "http://www.queenalice.com/game.php?id=845562"]
[Date "2010.10.14"]
[Round "1"]
[White "sandromm"]
[Black "GameOver"]
[Result "0-1"]
[WhiteElo "1780"]
[BlackElo "1768"]

1. e4 e6 2. e5 d5 3. exd6 cxd6 4. Nf3 Nf6 5. Bb5+ Bd7 6. Bxd7+ Nbxd7 7. O-O Be7
8. d3 O-O 9. Nc3 d5 10. d4 a6 11. Be3 Bd6 12. Bg5 Qc7 13. Ne2 Rac8 14. c3 Ne4
15. Bh4 Ndf6 16. Bxf6 Nxf6 17. Ng3 Rce8 18. Ne5 Bxe5 19. dxe5 Qxe5 20. Re1 Qc7
21. Qd4 Rd8 22. Rad1 Rfe8 23. h3 Qc6 24. Ne2 Qb5 25. b3 Qc6 26. a4 e5 27. Qd3 e4
28. Qd4 Re7 29. Nf4 Red7 30. a5 Qb5 31. b4 Qc6 32. Re3 Qd6 33. Ne2 h6 34. Rg3
Kf8 35. Qe3 Nh7 36. Nd4 Ng5 37. Nf5 Qf6 38. Nd4 Ne6 39. Ne2 Nc7 40. Nd4 Rc8 41.
Ne2 Nb5 42. Rg4 Nxc3 43. Nxc3 Rxc3 44. Qd4 Qxd4 45. Rxd4 f5 46. Rg6 Kf7 47. Rb6
Rcc7 48. f3 g6 49. fxe4 fxe4 50. Rd1 Kg7 51. b5 axb5 52. Rxb5 d4 53. Rdb1 e3 54.
Re5 Re7 55. Rd5 Rc4 56. Kf1 Ra4 57. Ke2 Rc7 58. g4 Re7 59. Rb2 Rc4 60. Rdb5 Rcc7
61. Rd5 Rcd7 62. Rbb5 Kf7 63. Rxd7 Rxd7 64. Rb4 Kf6 65. Rb6+ Kg5 66. Rb5+ Kh4
67. Rb6 Kxh3 68. Rxg6 d3+ 69. Kxe3 d2 70. Rxh6+ Kxg4 71. Rg6+ Kf5 72. Rg1 d1=Q
73. Rxd1 Rxd1 74. Ke2 Ra1 0-1

[Event "AUTO-OPEN-2133"]
[Site "http://www.queenalice.com/game.php?id=845563"]
[Date "2010.10.14"]
[Round "1"]
[White "GameOver"]
[Black "sandromm"]
[Result "1/2-1/2"]
[WhiteElo "1762"]
[BlackElo "1667"]

1. d4 d5 2. Nf3 e6 3. e3 Nf6 4. Bd3 g6 5. Nbd2 Bg7 6. O-O a6 7. Qe2 O-O 8. c3 b5
9. e4 c6 10. e5 Ne8 11. Nb3 Nd7 12. Re1 Bb7 13. Bg5 f6 14. exf6 Ndxf6 15. Nc5
Bc8 16. Bh4 Qc7 17. Ng5 Ne4 18. Ncxe6 Bxe6 19. Nxe6 Qf7 20. Nxf8 Kxf8 21. Bxe4
dxe4 22. Qxe4 Rc8 23. Bg3 Nf6 24. Qf3 Kg8 25. Re2 c5 26. dxc5 Rxc5 27. Qa8+ Bf8
28. Qxa6 Qc4 29. Qe6+ Qxe6 30. Rxe6 Kf7 31. Rae1 Rc4 32. h3 Nh5 33. R6e5 Bc5 34.
R5e4 Rxe4 35. Rxe4 Nxg3 36. Rf4+ Kg7 37. Kh2 Ne2 38. Re4 Nc1 39. Re5 Bd6 40. f4
Bxe5 41. fxe5 Nxa2 42. Kg3 b4 43. cxb4 Nxb4 44. Kf4 Nd3+ 45. Ke4 Nxb2 46. Kd5
Nd3 47. e6 Nf4+ 48. Kd6 Kf8 49. Kd7 Nd5 50. g4 g5 51. Kd6 Ne7 52. Ke5 h6 53. Kf6
1/2-1/2

[Event "AUTO-OPEN-2133"]
[Site "http://www.queenalice.com/game.php?id=845588"]
[Date "2010.10.14"]
[Round "1"]
[White "GameOver"]
[Black "mauricio_sm"]
[Result "0-1"]
[WhiteElo "1749"]
[BlackElo "2067"]

1. d4 Nf6 2. Nf3 e6 3. Bg5 Be7 4. e3 b6 5. Nbd2 Bb7 6. Be2 O-O 7. O-O d5 8. Re1
Nbd7 9. c3 c5 10. Bd3 c4 11. Bc2 a5 12. Qe2 b5 13. e4 dxe4 14. Nxe4 Nxe4 15.
Bxe4 Bxe4 16. Bxe7 Bxf3 17. Qxf3 Qxe7 18. d5 Qf6 19. dxe6 Qxf3 20. gxf3 fxe6 21.
Rxe6 Rxf3 22. Rae1 Raf8 23. R6e3 Rxf2 0-1

[Event "AUTO-OPEN-2133"]
[Site "http://www.queenalice.com/game.php?id=845589"]
[Date "2010.10.14"]
[Round "1"]
[White "mauricio_sm"]
[Black "GameOver"]
[Result "1/2-1/2"]
[WhiteElo "2029"]
[BlackElo "1758"]

1. e4 e6 2. d4 d5 3. exd5 exd5 4. Nf3 Bd6 5. Be2 Nf6 6. Nc3 c6 7. Be3 O-O 8. O-O
Bg4 9. Ng5 Bxe2 10. Nxe2 Nbd7 11. Qd3 h6 12. Nf3 Qc7 13. Ng3 Ne4 14. Nxe4 dxe4
15. Qxe4 Rae8 16. Qd3 Nf6 17. h3 Nd5 18. Rfe1 Bf4 19. Bxf4 Nxf4 20. Qd2 Nd5 21.
c4 Nf6 22. Re3 Qd7 23. Rae1 a6 24. Qb4 Rxe3 25. Rxe3 Rd8 26. Ne5 Qc7 27. Qc3 Kf8
28. b3 Qc8 29. Qb4+ Kg8 30. Qc5 Qc7 31. d5 Re8 32. dxc6 bxc6 33. Qxc6 Qa5 34.
Ng4 Rxe3 35. Nxf6+ gxf6 36. fxe3 Kg7 37. Qa4 Qe1+ 38. Kh2 Qxe3 39. Qxa6 Qe5+ 40.
Kh1 Qe1+ 41. Kh2 Qe5+ 42. g3 Qe2+ 43. Kg1 Qe1+ 44. Kg2 Qe2+ 1/2-1/2

[Event "AUTO-OPEN-2194"]
[Site "http://www.queenalice.com/game.php?id=871314"]
[Date "2010.12.13"]
[Round "1"]
[White "mouderjr"]
[Black "GameOver"]
[Result "1-0"]
[WhiteElo "2037"]
[BlackElo "1806"]

1. e4 e6 2. d4 d5 3. exd5 exd5 4. c4 c6 5. Be2 Nf6 6. Bg5 Be7 7. Nf3 O-O 8. O-O
Re8 9. Re1 Bg4 10. Ne5 Bxe2 11. Rxe2 Nbd7 12. Nd2 Qc7 13. Qb3 Rab8 14. Rae1 h6
15. Bf4 Bd6 16. Nxd7 Qxd7 17. Bxd6 Rxe2 18. Rxe2 Qxd6 19. c5 Qc7 20. h3 Qf4 21.
Qd3 Kf8 22. g3 Qc7 23. Nb3 Re8 24. Rxe8+ Kxe8 25. Nd2 Qe7 26. Nf3 Ne4 27. Ne5 f6
28. Ng6 Qf7 29. Nf4 1-0

[Event "AUTO-OPEN-2194"]
[Site "http://www.queenalice.com/game.php?id=871315"]
[Date "2010.12.13"]
[Round "1"]
[White "GameOver"]
[Black "mouderjr"]
[Result "0-1"]
[WhiteElo "1799"]
[BlackElo "2044"]

1. d4 d5 2. Nf3 Nc6 3. Bf4 Nf6 4. e3 Bg4 5. Nbd2 Ne4 6. Be2 Bd7 7. O-O Bf5 8.
Nh4 Bg6 9. c4 e6 10. Nhf3 Bd6 11. Bxd6 Nxd6 12. cxd5 exd5 13. Qb3 Ne7 14. Rac1
c6 15. Ne5 O-O 16. Nxg6 Nxg6 17. Nf3 f6 18. Rfd1 Qe7 19. Bd3 f5 20. Qc2 Ne4 21.
a3 Nh4 22. Nxh4 Qxh4 23. Rf1 Rf6 24. f3 Nd6 25. e4 fxe4 26. fxe4 Rxf1+ 27. Rxf1
dxe4 28. Bc4+ Kh8 29. Bb3 Qe7 0-1

[Event "AUTO-OPEN-2194"]
[Site "http://www.queenalice.com/game.php?id=871342"]
[Date "2010.12.13"]
[Round "1"]
[White "GameOver"]
[Black "Pagano"]
[Result "0-1"]
[WhiteElo "1793"]
[BlackElo "2046"]

1. d4 d5 2. Nf3 Nf6 3. Bf4 c5 4. c3 Nc6 5. e3 c4 6. Nbd2 Bf5 7. Be2 e6 8. O-O
Bd6 9. Re1 O-O 10. Bxd6 Qxd6 11. Bf1 b5 12. Nh4 Ng4 13. g3 e5 14. Nxf5 Qg6 15.
Nh4 Qe6 16. Qe2 f5 17. dxe5 Ncxe5 18. Bg2 Nd3 19. Reb1 Ngxf2 20. Rf1 Ng4 21. Rf3
g5 22. Nxf5 Rxf5 23. Rxf5 Qxf5 24. Rf1 Qe6 0-1

[Event "AUTO-OPEN-2194"]
[Site "http://www.queenalice.com/game.php?id=871343"]
[Date "2010.12.13"]
[Round "1"]
[White "Pagano"]
[Black "GameOver"]
[Result "1-0"]
[WhiteElo "2052"]
[BlackElo "1787"]

1. e4 e6 2. d4 d5 3. exd5 exd5 4. c4 c6 5. Nc3 Nf6 6. Bg5 Be7 7. Nf3 O-O 8. Be2
Bg4 9. cxd5 cxd5 10. O-O Nbd7 11. Re1 Re8 12. h3 Bh5 13. Qb3 Nb6 14. Ne5 Bxe2
15. Rxe2 Rc8 16. Rae1 Qd6 17. Nb5 Qb8 18. a4 Nc4 19. f4 Ne4 20. Bxe7 Ncd2 21.
Rxd2 Nxd2 22. Qxd5 Rxe7 23. Nd6 Rd8 24. Nexf7 Rxe1+ 25. Kf2 Ne4+ 26. Kxe1 1-0

[Event "AUTO-OPEN-2194"]
[Site "http://www.queenalice.com/game.php?id=871344"]
[Date "2010.12.13"]
[Round "1"]
[White "GameOver"]
[Black "PROFILER"]
[Result "0-1"]
[WhiteElo "1810"]
[BlackElo "2177"]

1. d4 Nf6 2. Nf3 g6 3. e3 Bg7 4. b3 O-O 5. Bb2 b6 6. Be2 Bb7 7. Nbd2 d6 8. O-O
Nbd7 9. Re1 e5 10. dxe5 Ng4 11. exd6 Bxb2 12. Rb1 Bg7 13. dxc7 Qxc7 14. h3 Nge5
15. Nxe5 Nxe5 16. Nf3 Rfd8 17. Qc1 Nxf3+ 18. Bxf3 Bxf3 19. gxf3 Bc3 0-1

[Event "AUTO-OPEN-2194"]
[Site "http://www.queenalice.com/game.php?id=871345"]
[Date "2010.12.13"]
[Round "1"]
[White "PROFILER"]
[Black "GameOver"]
[Result "1-0"]
[WhiteElo "2178"]
[BlackElo "1808"]

1. e4 e6 2. d4 d5 3. e5 c5 4. c3 Qb6 5. Nf3 Nc6 6. a3 cxd4 7. cxd4 Nge7 8. Nc3
Nf5 9. Na4 Qc7 10. b4 a6 11. Bb2 Be7 12. Rc1 O-O 13. Bd3 Bd7 14. O-O h6 15. Nc5
Bxc5 16. Rxc5 Qb6 17. Bb1 Rfc8 18. Qd3 a5 19. g4 Nfe7 20. Qh7+ 1-0

[Event "AUTO-ADV-2003"]
[Site "http://www.queenalice.com/game.php?id=871481"]
[Date "2010.12.13"]
[Round "1"]
[White "GameOver"]
[Black "kiteflyer"]
[Result "0-1"]
[WhiteElo "1842"]
[BlackElo "1770"]

1. d4 f5 2. Nf3 Nf6 3. c4 g6 4. e3 d6 5. Bd3 Bg7 6. Bd2 O-O 7. Nc3 Nc6 8. O-O e5
9. dxe5 dxe5 10. e4 Qxd3 11. exf5 Bxf5 12. Bg5 Qxc4 13. Re1 Rad8 14. Qc1 Bg4 15.
Nxe5 Nxe5 16. Rxe5 Nd5 17. Re4 Bd4 18. Bxd8 Nxc3 19. bxc3 Bxf2+ 20. Kh1 Qxe4 21.
Bg5 Be2 22. Qb2 Bb6 0-1

[Event "AUTO-ADV-2003"]
[Site "http://www.queenalice.com/game.php?id=871482"]
[Date "2010.12.13"]
[Round "1"]
[White "kiteflyer"]
[Black "GameOver"]
[Result "1-0"]
[WhiteElo "1887"]
[BlackElo "1823"]

1. e4 e6 2. d4 d5 3. e5 c5 4. c3 Qb6 5. Nf3 Nc6 6. a3 Nge7 7. g3 Nf5 8. Bg2 cxd4
9. cxd4 Nfxd4 10. Nxd4 Nxd4 11. Be3 Bc5 12. b4 Bxb4+ 13. Nd2 Bc5 14. O-O Nf5 15.
Bxc5 Qxc5 16. Rc1 Qxa3 17. Qc2 Bd7 18. Qb3 Qxb3 19. Nxb3 Bc6 20. Na5 Nd4 21.
Nxc6 Nxc6 22. Rfe1 O-O 23. Rc5 Rfc8 24. f4 Nd4 25. Rxc8+ Rxc8 26. Kf1 1-0